| 000 | 00840nam a2200229Ia 4500 | ||
|---|---|---|---|
| 001 | 9536 | ||
| 003 | GE_BSU | ||
| 008 | 181216s||||||||xx |||||||||||||| ||und|| | ||
| 040 | _cGE_BSU | ||
| 080 | _a821.353.1–4+908(479.22) | ||
| 100 | _aმრელაშვილი,ლადო | ||
| 245 | _aმელა ფენეკი და მწვანე საბურველი | ||
| 245 | _bნარკვევები | ||
| 245 | _cრედ.ნუნუ ხომერიკი.მხარვ.სპარტაკ ცინცაძე | ||
| 260 | _aთბილისი | ||
| 260 | _bმერანი | ||
| 260 | _c1978 | ||
| 300 | _a120გვ.20სმ. | ||
| 653 | _aმელა ფენეკი და მწვანე საბურველი | ||
| 653 | _aნარკვევები | ||
| 942 | _cBK | ||
| 999 |
_c42830 _d42830 |
||